Travails of 1857 : (Record no. 147947)
[ view plain ]
| 000 -LEADER | |
|---|---|
| fixed length control field | 00646nam a22001937a 4500 |
| 005 - DATE AND TIME OF LATEST TRANSACTION | |
| control field | 20171212160253.0 |
| 010 ## - LCCN (DPL NO) | |
| LC control number | ENG-121858 |
| 020 ## - INTERNATIONAL STANDARD BOOK NUMBER | |
| International Standard Book Number | 9789380361895 |
| Terms of availability | 495.00 |
| 035 ## - SYSTEM CONTROL NUMBER | |
| System control number | EN-105390 |
| 037 ## - SOURCE OF ACQUISITION | |
| Source of stock number/acquisition | DBAD/PUB |
| 082 ## - DEWEY DECIMAL CLASSIFICATION NUMBER | |
| Classification number | 954.083 |
| 245 ## - TITLE STATEMENT | |
| Title | Travails of 1857 : |
| Statement of responsibility, etc | translated and edited by Sukhmani Roy |
| Remainder of title | a translation of Vishnubhatji Godse's Majha Pravas / |
| 260 ## - PUBLICATION, DISTRIBUTION, ETC. (IMPRINT) | |
| Place of publication, distribution, etc | Pune |
| Name of publisher, distributor, etc | Rohan Prakashan |
| Date of publication, distribution, etc | 2012 |
| 270 ## - ADDRESS | |
| Address | Dhawalgiri,shop 5 & 6 ,430 shaniwar peth, opp. police chowki |
| City | Pune |
| Postal code | 411030 |
| 300 ## - PHYSICAL DESCRIPTION | |
| Extent | 335p. |
| Dimensions | 22cm (Hb) |
| 505 ## - FORMATTED CONTENTS NOTE | |
| Formatted contents note | Includes glossary |
| 700 ## - ADDED ENTRY--PERSONAL NAME | |
| Personal name | Roy, Sukhmani |
| 942 ## - ADDED ENTRY ELEMENTS (KOHA) | |
| Source of classification or shelving scheme | Dewey Decimal Classification |
| Item type | English Books |
| Classification part | 954.083 |
| Call number suffix | TRA |
| Withdrawn status | Lost status | Not for loan | Collection code | Home library | Current library | Date acquired | Source of acquisition | Cost, normal purchase price | Full call number | Barcode | Copy number | Cost, replacement price | Koha item type |
|---|---|---|---|---|---|---|---|---|---|---|---|---|---|
| Not For Loan | Non-fiction | D.B.Act.Division | Bawana | 12/12/2017 | DBAD/PUB | 495.00 | 954.083 TRA | EN-105390 | 1 | 495.00 | English Books |
